书目信息 |
| 题名: |
中国文化的守夜人——鲁迅
|
|
| 作者: | 王富仁 著 | |
| 分册: | ||
| 出版信息: | 北京 人民文学出版社 2002 |
|
| 页数: | 391页 | |
| 开本: | 20cm | |
| 丛书名: | 猫头鹰学术文丛 | |
| 单 册: | ||
| 中图分类: | I210.96 , I210.97 | |
| 科图分类: | ||
| 主题词: | 鲁迅小说--文学研究 , 鲁迅小说 , 文学研究 , 文学--作品集--中国 | |
| 电子资源: | ||
| ISBN: | 7-02-003569-8 | |
| 000 | 01010oam2 2200313 450 | |
| 001 | 1257842132 | |
| 005 | 20121015160459.70 | |
| 010 | @a7-02-003569-8@dCNY20.00 | |
| 100 | @a20020409d2002 em y0chiy0110 ea | |
| 101 | 0 | @achi |
| 102 | @aCN@b110000 | |
| 105 | @aa z 000yd | |
| 200 | 1 | @a中国文化的守夜人——鲁迅@Azhong guo wen hua de shou ye ren — — lu xun@f王富仁著 |
| 210 | @a北京@c人民文学出版社@d2002 | |
| 215 | @a391页@c照片@d20cm | |
| 225 | 2 | @a猫头鹰学术文丛 |
| 330 | @a本书主要探讨了“鲁迅与中国文化”、“鲁迅小说的叙事艺术”两方面的问题,作者试图从鲁迅的思想去解读历史,看待他人。 | |
| 461 | 0 | @12001 @a猫头鹰学术文丛 |
| 600 | 0 | @a鲁迅@f(1881~1936)@x人物研究 |
| 600 | 0 | @2CT@3S049224@a鲁迅@f(1881~1936) |
| 606 | 0 | @a鲁迅小说@x文学研究 |
| 606 | 0 | @a鲁迅小说 |
| 606 | 0 | @a文学研究 |
| 606 | 0 | @a文学@x作品集@x中国 |
| 690 | @aI210.96@v4 | |
| 690 | @aI210.97@v4 | |
| 701 | 0 | @a王富仁@Awang fu ren@f(1941~)@4著 |
| 801 | 0 | @aCN@bNLC@c20101222 |
| 905 | @a10447@dI210.96@eJY137 | |
| 中国文化的守夜人——鲁迅/王富仁著.-北京:人民文学出版社,2002 |
| 391页:照片;20cm.-(猫头鹰学术文丛) |
| ISBN 7-02-003569-8:CNY20.00 |
| 本书主要探讨了“鲁迅与中国文化”、“鲁迅小说的叙事艺术”两方面的问题,作者试图从鲁迅的思想去解读历史,看待他人。 |
| ● |
| 相关链接 |
|
|
|
|
正题名:中国文化的守夜人——鲁迅
索取号:I210.96/JY137
 
预约/预借
| 序号 | 登录号 | 条形码 | 馆藏地/架位号 | 状态 | 备注 |
| 1 | 7802878 | 278028787 | 学院路分馆/ [索取号:I210.96/JY137] | 在馆 | |
| 2 | 7802879 | 278028796 | 学院路分馆/ [索取号:I210.96/JY137] | 在馆 |